<?xml version="1.0" encoding="UTF-8"?><?xml-stylesheet type="text/xsl" href="static/style.xsl"?><OAI-PMH xmlns="http://www.openarchives.org/OAI/2.0/" xmlns:xsi="http://www.w3.org/2001/XMLSchema-instance" xsi:schemaLocation="http://www.openarchives.org/OAI/2.0/ http://www.openarchives.org/OAI/2.0/OAI-PMH.xsd"><responseDate>2026-06-03T18:11:50Z</responseDate><request verb="GetRecord" identifier="oai:riuma.uma.es:10630/46332" metadataPrefix="marc">https://riuma.uma.es/rest/oai/request</request><GetRecord><record><header><identifier>oai:riuma.uma.es:10630/46332</identifier><datestamp>2026-04-10T23:47:20Z</datestamp><setSpec>com_10630_1685</setSpec><setSpec>col_10630_38056</setSpec></header><metadata><record xmlns="http://www.loc.gov/MARC21/slim" xmlns:dcterms="http://purl.org/dc/terms/" xmlns:doc="http://www.lyncode.com/xoai" xmlns:xsi="http://www.w3.org/2001/XMLSchema-instance" xsi:schemaLocation="http://www.loc.gov/MARC21/slim http://www.loc.gov/standards/marcxml/schema/MARC21slim.xsd">
   <leader>00925njm 22002777a 4500</leader>
   <datafield ind2=" " ind1=" " tag="042">
      <subfield code="a">dc</subfield>
   </datafield>
   <datafield ind2=" " ind1=" " tag="720">
      <subfield code="a">Ruiz Bellido, Ana</subfield>
      <subfield code="e">author</subfield>
   </datafield>
   <datafield ind2=" " ind1=" " tag="260">
      <subfield code="c">2025-07</subfield>
   </datafield>
   <datafield ind2=" " ind1=" " tag="520">
      <subfield code="a">El presente Trabajo de Fin de Máster se centra en la caracterización de la calidad superficial del aluminio 7075 tras ser sometido a un tratamiento de texturizado láser. Esta tecnología avanzada permite modificar las propiedades superficiales del material sin alterar su geometría, ofreciendo una alternativa precisa y sostenible frente a otros métodos convencionales.
El objetivo principal ha sido evaluar el efecto de los parámetros del proceso láser (potencia, frecuencia y velocidad de escaneado), así como del patrón de texturizado, sobre las características superficiales del material tratado. Para ello, se han evaluado distintas combinaciones paramétricas y se ha analizado la rugosidad lineal y tridimensional, la mojabilidad y la dureza (Vickers) superficial obtenida.
La caracterización se ha llevado a cabo mediante tres ensayos experimentales: análisis de rugosidad mediante el equipo Alicona InfiniteFocusSL, ensayo de mojabilidad mediante la prueba de la gota y medición de dureza Vickers. Los resultados obtenidos permiten establecer relaciones claras entre los parámetros de proceso y las propiedades funcionales del material, proporcionando así una base sólida para la optimización de tratamientos láser aplicados a aleaciones ligeras.</subfield>
   </datafield>
   <datafield ind1="8" ind2=" " tag="024">
      <subfield code="a">https://hdl.handle.net/10630/46332</subfield>
   </datafield>
   <datafield tag="653" ind2=" " ind1=" ">
      <subfield code="a">Aluminio - Aleaciones - Trabajos fin de máster</subfield>
   </datafield>
   <datafield tag="653" ind2=" " ind1=" ">
      <subfield code="a">Láser - Ensayos - Trabajos fin de máster</subfield>
   </datafield>
   <datafield ind2="0" ind1="0" tag="245">
      <subfield code="a">Influencia de los parámetros y patrones de texturizado láser en la calidad superficial de aleaciones de aluminio</subfield>
   </datafield>
</record>
</metadata></record></GetRecord></OAI-PMH>